Chimie - formules de composé - Statistiques

Statistiques générales
  • Ce quiz a été pris 1 177 fois
  • Le résultat moyen est 8 sur 15
Statistiques - réponses
formule composés % Correct
H2O eau
97%
CO2 Dioxyde de carbone
94%
N2 diazote
88%
CH4 méthane
76%
CO Monoxyde de carbone
70%
H2O2 Peroxyde d'hydrogène
58%
C4H10 butane
55%
H2SO4 Acide Sulfurique
52%
AgNO3 Nitrate d'Argent
49%
KMnO4 Permanganate de potassium
47%
CaCO3 Carbonate de calcium
41%
C6H6 Benzène
36%
C17H21NO4 (Drogue) Cocaine
30%
N2O (gaz hilarant) protoxyde d'azote
30%
C3H5N3O9 (explosif) Nitroglycérine
18%
Aucun quiz correspondant
Distribution des résultats
% des personnes avec chaque résultat
Percentile par nombre de réponses
Votre historique - résultats
Vous n’avez pas pris ce quiz